[Event "BL 0809 TV Tegernsee - SV Wattenscheid"]
[Site "?"]
[Date "2008.11.29"]
[Round "5.4"]
[White "Rozentalis, Eduardas"]
[Black "Czarnota, Pawel"]
[Result "1/2-1/2"]
[WhiteElo "2577"]
[BlackElo "2531"]
[PlyCount "40"]
[EventDate "2008.??.??"]

1. e4 c6 2. c4 d5 3. exd5 cxd5 4. cxd5 Nf6 5. Nc3 Nxd5 6. Bc4 Nb6 7. Bb3 Nc6 8.
Nf3 Bf5 9. d4 e6 10. O-O Be7 11. h3 O-O 12. a3 Rc8 13. Be3 Bf6 14. Rc1 Rc7 15.
d5 Nxd5 16. Bxd5 exd5 17. Qxd5 Bxc3 18. Qxd8 Nxd8 19. Rxc3 Rxc3 20. bxc3 Nc6
1/2-1/2

[Event "BL 0809 TV Tegernsee - SV Wattenscheid"]
[Site "?"]
[Date "2008.11.29"]
[Round "5.8"]
[White "Hertneck, Gerald"]
[Black "Straeter, Timo"]
[Result "1/2-1/2"]
[WhiteElo "2519"]
[BlackElo "2303"]
[PlyCount "93"]
[EventDate "2008.??.??"]

1. d4 d5 2. c4 c6 3. Nf3 Nf6 4. Nc3 dxc4 5. a4 Bf5 6. e3 e6 7. Bxc4 Bb4 8. O-O
Nbd7 9. Qe2 O-O 10. e4 Bg6 11. Bd3 Bh5 12. e5 Nd5 13. Nxd5 cxd5 14. Qe3 Bg6 15.
Bxg6 fxg6 16. Bd2 Be7 17. a5 Nb8 18. Ne1 a6 19. Nd3 Nc6 20. b4 Qd7 21. Nc5 Bxc5
22. bxc5 Na7 23. f4 Rf7 24. Rf3 Raf8 25. Rb1 Nb5 26. Qd3 Qc6 27. h4 Qd7 28. Kh2
Qd8 29. Kh3 Qd7 30. g4 Qc8 31. Kg3 Qd7 32. Rf2 Qc6 33. Rh2 h5 34. Rb4 Qe8 35.
Rg2 Rc7 36. Kh3 Qf7 37. gxh5 Qf5+ 38. Qxf5 gxf5 39. h6 Kh7 40. hxg7 Rxg7 41.
Rg5 Rxg5 42. fxg5 Kg6 43. Kg3 Rf7 44. Kf4 Rh7 45. Be1 Rc7 46. Bf2 Na7 47. Ra4
1/2-1/2

[Event "BL 0809 Werder Bremen - SV Mülheim Nord"]
[Site "?"]
[Date "2008.11.29"]
[Round "5.4"]
[White "Areshchenko, Alexander"]
[Black "Landa, Konstantin"]
[Result "1/2-1/2"]
[WhiteElo "2664"]
[BlackElo "2613"]
[PlyCount "94"]
[EventDate "2008.??.??"]

1. e4 e5 2. Nf3 Nf6 3. Nxe5 d6 4. Nf3 Nxe4 5. d4 d5 6. Bd3 Nc6 7. O-O Be7 8.
Nc3 Nxc3 9. bxc3 Bg4 10. Re1 O-O 11. Bf4 Bd6 12. Bxd6 Bxf3 13. Qxf3 Qxd6 14.
Re3 Rae8 15. Rae1 Rxe3 16. Rxe3 g6 17. h4 Qd8 18. g3 h5 19. Bf1 Qd7 20. Bg2 Rd8
21. Qf4 Qd6 22. Qh6 b5 23. g4 hxg4 24. h5 Ne7 25. Qg5 Kf8 26. Qxg4 c6 27. Qg5
gxh5 28. f4 Ng8 29. Rg3 Nf6 30. Qg7+ Ke7 31. Re3+ Ne4 32. Qg5+ Kd7 33. Bxe4
dxe4 34. Rxe4 Re8 35. Qf5+ Kd8 36. Qg5+ Kd7 37. Qf5+ Kd8 38. Rxe8+ Kxe8 39. Kf2
Qe6 40. Qc5 f5 41. Qxa7 Qe4 42. Qb8+ Kf7 43. Qc7+ Kg6 44. Qd6+ Kf7 45. Qd7+ Kg6
46. Qd6+ Kf7 47. Qc7+ Kg6 1/2-1/2

[Event "BL 0809 Werder Bremen - SV Mülheim Nord"]
[Site "?"]
[Date "2008.11.29"]
[Round "5.5"]
[White "Fridman, Daniel"]
[Black "Fressinet, Laurent"]
[Result "0-1"]
[WhiteElo "2630"]
[BlackElo "2676"]
[PlyCount "140"]
[EventDate "2008.??.??"]

1. d4 d5 2. c4 c6 3. Nf3 Nf6 4. e3 Bg4 5. h3 Bxf3 6. Qxf3 e6 7. Bd3 Nbd7 8. O-O
Bd6 9. Nd2 O-O 10. e4 dxe4 11. Nxe4 Nxe4 12. Qxe4 g6 13. Rd1 Re8 14. Bf1 Qe7
15. Rb1 e5 16. dxe5 Nc5 17. Qe3 Bxe5 18. Kh1 Rad8 19. Bd2 Qf6 20. Qf3 Bxb2 21.
Be3 Qxf3 22. gxf3 Rxd1 23. Rxd1 Ba3 24. Kg2 a6 25. h4 Ne6 26. h5 Bc5 27. hxg6
hxg6 28. Kg3 Kf8 29. Bh3 f5 30. Bg2 Kf7 31. f4 Bxe3 32. fxe3 Nc5 33. Kf2 Ke7
34. Rh1 Rd8 35. Ke2 a5 36. Rh7+ Kf6 37. Rc7 Rd6 38. Bf3 a4 39. Rc8 Rd7 40. Rf8+
Ke6 41. Rg8 Kf7 42. Ra8 Ke7 43. Rg8 Rd6 44. Ra8 Kd7 45. Ra5 b6 46. Ra7+ Kc8 47.
Re7 Kb8 48. a3 Rd3 49. Bxc6 Rxa3 50. Bd5 Ra2+ 51. Kd1 a3 52. Re8+ Kc7 53. Ra8
Ne4 54. Kc1 Nc3 55. Ra7+ Kd6 56. Bf7 Kc5 57. Bxg6 Ne2+ 58. Kd1 Nc3+ 59. Kc1
Ne2+ 60. Kd1 Ng3 61. Kc1 Kb4 62. Ra6 Ne2+ 63. Kd1 Ng3 64. Kc1 Rg2 65. Kb1 Ne4
66. Rxb6+ Kc3 67. c5 Nxc5 68. Rc6 a2+ 69. Ka1 Kb3 70. Bf7+ Ka3 0-1

[Event "BL 0809 Werder Bremen - SV Mülheim Nord"]
[Site "?"]
[Date "2008.11.29"]
[Round "5.6"]
[White "Meier, Georg"]
[Black "Potkin, Vladimir"]
[Result "1/2-1/2"]
[WhiteElo "2558"]
[BlackElo "2613"]
[PlyCount "99"]
[EventDate "2008.??.??"]

1. d4 d5 2. c4 c6 3. Nf3 Nf6 4. e3 Bg4 5. h3 Bh5 6. Nc3 e6 7. g4 Bg6 8. Ne5
Nbd7 9. Nxg6 hxg6 10. g5 Ne4 11. Nxe4 dxe4 12. h4 Bb4+ 13. Bd2 Qa5 14. a3 Bxd2+
15. Qxd2 Qxd2+ 16. Kxd2 f5 17. gxf6 gxf6 18. Be2 Kf7 19. b4 Rh6 20. c5 Rd8 21.
Rag1 a6 22. a4 f5 23. h5 Nf6 24. hxg6+ Rxg6 25. Rxg6 Kxg6 26. Rg1+ Kf7 27. Rg5
Rg8 28. Rxg8 Kxg8 29. b5 axb5 30. axb5 cxb5 31. Bxb5 Kf7 32. Ke2 Ke7 33. f3 Nd5
34. Bc4 exf3+ 35. Kxf3 Nb4 36. Ke2 Nd5 37. Kd2 Nf6 38. Ke2 Nd5 39. Bb3 Nf6 40.
Kd3 Kd7 41. Kc4 Kc6 42. Ba4+ Kc7 43. Kd3 Ne4 44. Bb3 Kd7 45. Ke2 Nc3+ 46. Kf3
Ke7 47. Bc4 Nd5 48. Bxd5 exd5 49. Kg3 Kf7 50. Kf3 1/2-1/2

[Event "BL 0809 Werder Bremen - SV Mülheim Nord"]
[Site "?"]
[Date "2008.11.29"]
[Round "5.7"]
[White "Malakhatko, Vadim"]
[Black "Hracek, Zbynek"]
[Result "1/2-1/2"]
[WhiteElo "2633"]
[BlackElo "2613"]
[PlyCount "49"]
[EventDate "2008.??.??"]

1. d4 Nf6 2. c4 e6 3. Nf3 Bb4+ 4. Nbd2 b6 5. a3 Bxd2+ 6. Qxd2 Bb7 7. e3 a5 8.
b3 d6 9. Bb2 Nbd7 10. Be2 O-O 11. O-O Qe7 12. b4 axb4 13. axb4 Rfd8 14. Rxa8
Rxa8 15. Ra1 Qd8 16. Qc1 c5 17. Bc3 Ne4 18. Be1 Rxa1 19. Qxa1 Qa8 20. Qb2 Nef6
21. h3 Kf8 22. Bc3 Ne4 23. Be1 Nef6 24. Bc3 Ne4 25. Be1 1/2-1/2

[Event "BL 0809 Werder Bremen - SV Mülheim Nord"]
[Site "?"]
[Date "2008.11.29"]
[Round "5.8"]
[White "Babula, Vlastimil"]
[Black "Berelovich, Alexander"]
[Result "1-0"]
[WhiteElo "2608"]
[BlackElo "2576"]
[PlyCount "83"]
[EventDate "2008.??.??"]

1. d4 Nf6 2. c4 e6 3. Nf3 c5 4. d5 exd5 5. cxd5 d6 6. Nc3 g6 7. h3 Bg7 8. e4
O-O 9. Bd3 a6 10. a4 Nbd7 11. O-O Re8 12. Re1 Nh5 13. Bg5 Bf6 14. Be3 Ne5 15.
Be2 Nxf3+ 16. Bxf3 Ng7 17. Qd2 Bd7 18. Bf4 Be5 19. Be2 Qe7 20. Ra3 Rab8 21. a5
f5 22. Rb3 Bxf4 23. Qxf4 g5 24. Qd2 f4 25. Rb6 Qe5 26. Qd1 Re7 27. Bxa6 Be8 28.
Be2 Ra8 29. Qb3 Rxa5 30. Rxb7 Ra7 31. Rxa7 Rxa7 32. Qb8 Qe7 33. e5 dxe5 34. d6
Rb7 35. Bc4+ Kh8 36. Qa8 Qd7 37. Rxe5 Ra7 38. Qd5 Bf7 39. Qxf7 Qxf7 40. Bxf7
Rxf7 41. Rxg5 Ne8 42. Ne4 1-0

[Event "BL 0809 Turm Emsdetten - SF Katernberg"]
[Site "?"]
[Date "2008.11.29"]
[Round "5.1"]
[White "Halkias, Stelios"]
[Black "Mchedlishvili, Mikheil"]
[Result "0-1"]
[WhiteElo "2584"]
[BlackElo "2615"]
[PlyCount "94"]
[EventDate "2008.??.??"]

1. d4 d5 2. c4 c6 3. Nf3 Nf6 4. Nc3 dxc4 5. a4 Bf5 6. Ne5 Na6 7. Bg5 Nb4 8. Rc1
h6 9. Bh4 Bh7 10. e4 e6 11. Nxc4 g5 12. Bg3 Nxe4 13. Be5 f6 14. Qh5+ Kd7 15.
Qf3 g4 16. Qxg4 Nxc3 17. bxc3 fxe5 18. Nxe5+ Kc7 19. Bc4 Nc2+ 20. Ke2 Qf6 21.
Bd3 Rg8 22. Qh3 Bxd3+ 23. Qxd3 Na3 24. g3 Bd6 25. f4 Rad8 26. Ra1 Qf5 27. Ra2
Bxe5 28. fxe5 Nc4 29. Qxf5 exf5 30. Rf1 Rg5 31. Rf4 Nb6 32. Rh4 h5 33. a5 Nd5
34. Kd3 Ne7 35. Ke3 Ng6 36. Rh3 Rd7 37. Ra4 Rd5 38. Ra3 Rb5 39. c4 Rb2 40. Rd3
Ra2 41. c5 Rxa5 42. e6 Ra1 43. Kf2 Ne7 44. Re3 b5 45. Re5 Ra2+ 46. Ke1 b4 47.
g4 Rxg4 0-1

[Event "BL 0809 Turm Emsdetten - SF Katernberg"]
[Site "?"]
[Date "2008.11.29"]
[Round "5.2"]
[White "Hector, Jonny"]
[Black "Chuchelov, Vladimir"]
[Result "0-1"]
[WhiteElo "2552"]
[BlackElo "2575"]
[PlyCount "86"]
[EventDate "2008.??.??"]

1. e4 c5 2. Nf3 e6 3. d4 cxd4 4. Nxd4 a6 5. Nc3 Qc7 6. Bd3 Nf6 7. f4 b5 8. a3
Bb7 9. Qe2 Bc5 10. Nb3 Be7 11. Bd2 O-O 12. O-O d6 13. e5 dxe5 14. fxe5 Nfd7 15.
Rae1 Nc6 16. Bf4 b4 17. Na4 bxa3 18. bxa3 Bxa3 19. Rf3 g6 20. Rh3 f5 21. Bc4
Rfe8 22. Rd3 Nb4 23. Rc3 Nc6 24. Rd1 Nb6 25. Nac5 Nxc4 26. Rd7 Bxc5+ 27. Nxc5
Qb6 28. Rxc4 Na5 29. Rc3 Bd5 30. Be3 f4 31. Bxf4 Rf8 32. g3 Rac8 33. Rd6 Qb1+
34. Kf2 Qb4 35. Qe3 Nc4 36. Rxc4 Qxc4 37. Nd7 Qxc2+ 38. Qe2 Qf5 39. Ke1 Qb1+
40. Qd1 Qe4+ 41. Kd2 Rxf4 42. gxf4 Qxf4+ 43. Ke1 Kg7 0-1

[Event "BL 0809 Turm Emsdetten - SF Katernberg"]
[Site "?"]
[Date "2008.11.29"]
[Round "5.4"]
[White "Janssen, Ruud"]
[Black "Firman, Nazar"]
[Result "1/2-1/2"]
[WhiteElo "2524"]
[BlackElo "2525"]
[PlyCount "93"]
[EventDate "2008.??.??"]

1. Nf3 c5 2. c4 Nc6 3. d4 cxd4 4. Nxd4 Nf6 5. Nc3 e6 6. g3 Bc5 7. Nb3 Bb4 8.
Bg2 O-O 9. O-O b6 10. Bf4 Bb7 11. Rc1 Na5 12. Nxa5 Bxg2 13. Kxg2 bxa5 14. Bd6
Bxd6 15. Qxd6 Qb6 16. Qxb6 axb6 17. e4 Rac8 18. b3 Rfd8 19. Rfd1 Kf8 20. Rd4
Ke7 21. Rcd1 Ne8 22. f4 Nc7 23. Kf3 Rb8 24. Ke3 b5 25. cxb5 Nxb5 26. Nxb5 Rxb5
27. Rc1 g5 28. fxg5 Rxg5 29. Rc7 h5 30. Ra7 h4 31. gxh4 Rh5 32. Rd2 Rxh4 33.
Rxa5 Rc8 34. Re2 Rh3+ 35. Kd2 f6 36. Ra4 Rcc3 37. Kd1 Rhd3+ 38. Rd2 Kd6 39. b4
Kc6 40. Ra8 Rxd2+ 41. Kxd2 Rh3 42. a4 Rxh2+ 43. Kd3 Rh3+ 44. Kc4 Rh4 45. Kd3
Rh3+ 46. Kd4 Rh4 47. Kd3 1/2-1/2

[Event "BL 0809 Turm Emsdetten - SF Katernberg"]
[Site "?"]
[Date "2008.11.29"]
[Round "5.5"]
[White "Senff, Martin"]
[Black "Spoelman, Wouter"]
[Result "1-0"]
[WhiteElo "2468"]
[BlackElo "2459"]
[PlyCount "57"]
[EventDate "2008.??.??"]

1. e4 e5 2. Nf3 Nc6 3. Bc4 Bc5 4. c3 Nf6 5. d3 d6 6. Bb3 a6 7. h3 h6 8. Nbd2
O-O 9. Qe2 Nh5 10. g3 g6 11. Nc4 Kg7 12. Ne3 Nf6 13. g4 h5 14. Nf5+ gxf5 15.
gxf5 Rh8 16. Bg5 Qe7 17. Qd2 Kf8 18. O-O-O Ba7 19. Bh4 Nb8 20. Rhg1 Nbd7 21.
Ng5 d5 22. exd5 Qd6 23. Ne6+ Ke7 24. Rg7 b5 25. Qg5 Rf8 26. Nxf8 Kxf8 27. Qh6
Bb7 28. Rdg1 Bc5 29. Qh8+ 1-0

[Event "BL 0809 Turm Emsdetten - SF Katernberg"]
[Site "?"]
[Date "2008.11.29"]
[Round "5.6"]
[White "Pruijssers, Roeland"]
[Black "Siebrecht, Sebastian"]
[Result "1-0"]
[WhiteElo "2458"]
[BlackElo "2451"]
[PlyCount "63"]
[EventDate "2008.??.??"]

1. e4 c5 2. Nf3 e6 3. d4 cxd4 4. Nxd4 a6 5. Bd3 Bc5 6. Nb3 Be7 7. Qg4 Bf6 8. f4
d6 9. Qe2 Nc6 10. a4 e5 11. f5 Nge7 12. O-O Nb4 13. Bc4 d5 14. Rd1 Nxc2 15.
Qxc2 Qb6+ 16. Kh1 dxc4 17. Qxc4 Qf2 18. Qd3 O-O 19. Be3 Qh4 20. N1d2 g6 21. Nf3
Qg4 22. Qd6 Qxe4 23. Qxf6 Qxe3 24. Qxe7 Bxf5 25. Ra3 Qe2 26. Rd2 Qf1+ 27. Ng1
Rac8 28. Qxb7 e4 29. Qa7 Rfd8 30. Qe3 Rd3 31. Rxd3 exd3 32. Ra1 1-0

[Event "BL 0809 Turm Emsdetten - SF Katernberg"]
[Site "?"]
[Date "2008.11.29"]
[Round "5.8"]
[White "Zumsande, Martin"]
[Black "Souleidis, Georgios"]
[Result "1-0"]
[WhiteElo "2411"]
[BlackElo "2440"]
[PlyCount "107"]
[EventDate "2008.??.??"]

1. e4 c5 2. c3 Nf6 3. e5 Nd5 4. d4 cxd4 5. Nf3 e6 6. cxd4 d6 7. Bc4 Nc6 8. O-O
Be7 9. Qe2 O-O 10. Qe4 Bd7 11. a3 Na5 12. Ba2 Bb5 13. Re1 Bc4 14. Qg4 Kh8 15.
Nbd2 Bxa2 16. Rxa2 Rc8 17. b4 Nc4 18. Ne4 dxe5 19. dxe5 a5 20. b5 Qd7 21. Neg5
Bxg5 22. Nxg5 Nxe5 23. Qe4 Ng6 24. Rd2 Qxb5 25. Bb2 Rc4 26. Qf3 Kg8 27. g3 Qc6
28. Qh5 h6 29. Nxe6 fxe6 30. Qxg6 Nf6 31. Bxf6 Rxf6 32. Rd8+ Rf8 33. Rxf8+ Kxf8
34. Qxe6 Rc1 35. Qf5+ Kg8 36. Qxa5 b6 37. Qd2 Rc5 38. h4 Rd5 39. Qf4 Rd8 40.
Qe3 Kh8 41. Rc1 Qf6 42. Rc4 Qd6 43. Rb4 Qc6 44. Kh2 b5 45. Re4 Rf8 46. Kg1 Rd8
47. Kh2 Rf8 48. Rf4 Re8 49. Qd3 Kg8 50. Rf5 Re1 51. Rd5 Ra1 52. Rd8+ Kf7 53.
Qf5+ Qf6 54. Qd5+ 1-0

[Event "BL 0809 USV TU Dresden - SC Remagen"]
[Site "?"]
[Date "2008.11.29"]
[Round "5.3"]
[White "Gharamian, Tigran"]
[Black "Gauglitz, Gernot"]
[Result "1-0"]
[WhiteElo "2555"]
[BlackElo "2397"]
[PlyCount "77"]
[EventDate "2008.??.??"]

1. e4 c5 2. Nf3 Nc6 3. d4 cxd4 4. Nxd4 Nf6 5. Nc3 e5 6. Ndb5 d6 7. Bg5 a6 8.
Na3 b5 9. Nd5 Be7 10. Bxf6 Bxf6 11. c3 Bg5 12. Nc2 Rb8 13. a4 bxa4 14. Ncb4
Nxb4 15. cxb4 O-O 16. Rxa4 Bb7 17. Bxa6 Bc6 18. b5 Bxb5 19. Bxb5 Rxb5 20. b4
Qc8 21. O-O Qc4 22. f3 f5 23. Ra3 fxe4 24. fxe4 Rbb8 25. Re1 h6 26. Rf3 Rxf3
27. Qxf3 Rf8 28. Qd1 Kh8 29. g3 Rf7 30. Qe2 Qb3 31. Rf1 Rxf1+ 32. Kxf1 Kg8 33.
Kg2 Qb1 34. h4 Bc1 35. Qf3 Qa2+ 36. Kh3 Qa7 37. b5 Qd7+ 38. Qf5 Qxb5 39. Ne7+
1-0

[Event "BL 0809 USV TU Dresden - SC Remagen"]
[Site "?"]
[Date "2008.11.29"]
[Round "5.5"]
[White "Dgebuadze, Alexandre"]
[Black "Eichner, Sebastian"]
[Result "1-0"]
[WhiteElo "2544"]
[BlackElo "2326"]
[PlyCount "91"]
[EventDate "2008.??.??"]

1. e4 e6 2. d3 d5 3. Qe2 Nf6 4. Nf3 dxe4 5. dxe4 b6 6. e5 Ba6 7. c4 Nfd7 8. Qe4
Bb4+ 9. Bd2 Nc5 10. Qe3 Nc6 11. a3 Bxd2+ 12. Nbxd2 Ne7 13. b4 Nf5 14. Qc3 Nd7
15. Bd3 Bb7 16. O-O Nh4 17. Bc2 Qe7 18. Nxh4 Qxh4 19. f4 Qe7 20. Rad1 O-O 21.
Qh3 g6 22. Be4 Bxe4 23. Nxe4 f5 24. exf6 Nxf6 25. Ng5 Rae8 26. Rfe1 Nh5 27. g3
Rf6 28. Qg2 a5 29. Qc6 axb4 30. axb4 h6 31. Nf3 Rd8 32. Ne5 Ng7 33. Ng4 Rff8
34. c5 bxc5 35. Qxc5 Qxc5+ 36. bxc5 Kh7 37. c6 Rd6 38. Rxd6 cxd6 39. c7 g5 40.
f5 h5 41. Nf6+ Kh6 42. fxe6 Rc8 43. e7 Rxc7 44. e8=Q Nxe8 45. Nxe8 Rd7 46. Re6+
1-0

[Event "BL 0809 USV TU Dresden - SC Remagen"]
[Site "?"]
[Date "2008.11.29"]
[Round "5.6"]
[White "Loxine, Jakow"]
[Black "Degraeve, Jean-Marc"]
[Result "0-1"]
[WhiteElo "2338"]
[BlackElo "2544"]
[PlyCount "108"]
[EventDate "2008.??.??"]

1. d4 Nf6 2. c4 g6 3. Nc3 Bg7 4. e4 d6 5. f4 O-O 6. Nf3 c5 7. dxc5 Qa5 8. Bd3
Qxc5 9. Qe2 Bg4 10. Be3 Qa5 11. O-O Nc6 12. Rac1 Nd7 13. Qf2 Bxf3 14. gxf3 Nc5
15. Bb1 Na4 16. Nd1 e6 17. Kh1 f5 18. exf5 exf5 19. a3 Rfe8 20. b4 Qd8 21. Ba2
Qf6 22. Bb3 Nb2 23. Rc2 Nxd1 24. Rxd1 Kh8 25. Ba4 Re6 26. Bxc6 bxc6 27. Bd4 Qe7
28. Bxg7+ Kxg7 29. Qd4+ Kh6 30. Rcd2 Qh4 31. Qf2 Qxf4 32. Qg3 Qxc4 33. Rxd6
Rxd6 34. Qxd6 Re8 35. Qd2+ g5 36. Rc1 Qd5 37. Qxd5 cxd5 38. Rc6+ Kh5 39. Rc7 h6
40. Rxa7 Kh4 41. Kg1 Kh3 42. b5 Re1+ 43. Kf2 Rb1 44. Rh7 Rb2+ 45. Kg1 Rg2+ 46.
Kf1 Kxh2 47. Rxh6+ Kg3 48. Rd6 f4 49. Rxd5 g4 50. Rg5 Ra2 51. Ke1 Kxf3 52. b6
g3 53. a4 g2 54. a5 Rxa5 0-1

[Event "BL 0809 USV TU Dresden - SC Remagen"]
[Site "?"]
[Date "2008.11.29"]
[Round "5.7"]
[White "Mainka, Romuald"]
[Black "Wegener, Dirk"]
[Result "1/2-1/2"]
[WhiteElo "2482"]
[BlackElo "2353"]
[PlyCount "85"]
[EventDate "2008.??.??"]

1. e4 e6 2. d3 d5 3. Qe2 Be7 4. Nf3 Nf6 5. g3 dxe4 6. dxe4 b6 7. c3 a5 8. Nbd2
Na6 9. e5 Nd7 10. Bg2 Bb7 11. O-O Ndc5 12. Nd4 Bxg2 13. Kxg2 Qd5+ 14. Kg1 h5
15. Qb5+ Kf8 16. Qe2 h4 17. g4 h3 18. f3 Rd8 19. Nc4 Nb8 20. Bf4 Nc6 21. Rfd1
Nxd4 22. cxd4 Na6 23. a3 Qb7 24. Rac1 g6 25. Rc3 Kg7 26. Rcd3 Rd7 27. Qf1 Rhd8
28. Bg3 Qd5 29. R3d2 b5 30. Ne3 Qb3 31. Bf2 Nc5 32. Qxh3 Bg5 33. f4 Bxf4 34.
dxc5 Bxe3 35. Bxe3 Qxd1+ 36. Rxd1 Rxd1+ 37. Kf2 Rb1 38. Qh4 Rxb2+ 39. Kf3 Rd3
40. Kf4 Rbb3 41. Bc1 Rd4+ 42. Kg5 Rf3 43. Qe1 1/2-1/2

[Event "BL 0809 USV TU Dresden - SC Remagen"]
[Site "?"]
[Date "2008.11.29"]
[Round "5.8"]
[White "Graf, Felix"]
[Black "Swinkels, Robin"]
[Result "1/2-1/2"]
[WhiteElo "2287"]
[BlackElo "2451"]
[PlyCount "161"]
[EventDate "2008.??.??"]

1. d4 Nf6 2. c4 e6 3. Nf3 b6 4. a3 Bb7 5. Nc3 d5 6. cxd5 Nxd5 7. Qc2 Nxc3 8.
bxc3 Be7 9. e4 O-O 10. Bd3 c5 11. O-O Qc7 12. Qe2 Nd7 13. a4 Rfd8 14. Rd1 Rac8
15. h4 e5 16. Ba3 Re8 17. Bb5 cxd4 18. Bxd7 Qxd7 19. Nxe5 Qe6 20. cxd4 f6 21.
Nf3 Qxe4 22. Qxe4 Bxe4 23. d5 Bxa3 24. Rxa3 Red8 25. Rd4 Bg6 26. a5 b5 27. Re3
Rc7 28. Re6 Rcd7 29. Ra6 Rb7 30. Nd2 b4 31. Nc4 Bf7 32. Nd6 Rc7 33. Rc6 Rcd7
34. Nxf7 Kxf7 35. Rxb4 Rxd5 36. Rb7+ R8d7 37. Rcc7 Ke6 38. Rxa7 Rxc7 39. Rxc7
Rxa5 40. Rxg7 h5 41. Kh2 Ra4 42. Kg3 Kf5 43. f3 Rb4 44. Kh3 Rb3 45. Ra7 Kg6 46.
Ra4 Rc3 47. Rf4 Ra3 48. Kh2 Ra2 49. Kg3 Ra1 50. Rb4 Ra2 51. Rb3 Ra4 52. Kh3 f5
53. Rb6+ Kg7 54. Re6 Rb4 55. Kg3 Ra4 56. Rd6 Rb4 57. Rd3 Ra4 58. Kh3 Kg6 59.
Rd6+ Kg7 60. Rd2 Kg6 61. Re2 Kg7 62. Rf2 Kg6 63. g3 Ra3 64. Kg2 Kg7 65. Rd2 Kg6
66. Kf2 Kg7 67. Ke2 Kg6 68. Rd6+ Kg7 69. Rd3 Ra2+ 70. Ke3 Ra4 71. Rd4 Ra3+ 72.
Kf4 Kg6 73. Rd6+ Kg7 74. Re6 Rb3 75. Re3 Rxe3 76. Kxe3 Kf7 77. Kd3 Ke7 78. Kc3
Kd7 79. Kc4 Kd6 80. Kd4 Ke6 81. f4 1/2-1/2

[Event "BL 0809 SC Kreuzberg - SG Turm Trier"]
[Site "?"]
[Date "2008.11.29"]
[Round "5.1"]
[White "Parligras, Mircea"]
[Black "Socko, Bartosz"]
[Result "1/2-1/2"]
[WhiteElo "2611"]
[BlackElo "2631"]
[PlyCount "41"]
[EventDate "2008.??.??"]

1. e4 e5 2. Nf3 Nc6 3. Bb5 a6 4. Ba4 Nf6 5. O-O Be7 6. Re1 b5 7. Bb3 d6 8. c3
O-O 9. h3 Nd7 10. d4 Bf6 11. a4 Bb7 12. d5 Ne7 13. axb5 axb5 14. Rxa8 Qxa8 15.
Na3 Ba6 16. Be3 Nc5 17. Bc2 c6 18. b4 Nd7 19. dxc6 Qxc6 20. Qd3 Nb6 21. Rd1
1/2-1/2

[Event "BL 0809 SC Kreuzberg - SG Turm Trier"]
[Site "?"]
[Date "2008.11.29"]
[Round "5.2"]
[White "Maksimenko, Andrei"]
[Black "Cyborowski, Lukasz"]
[Result "1/2-1/2"]
[WhiteElo "2536"]
[BlackElo "2504"]
[PlyCount "50"]
[EventDate "2008.??.??"]

1. Nf3 Nf6 2. c4 e6 3. Nc3 d5 4. d4 c5 5. cxd5 Nxd5 6. e4 Nxc3 7. bxc3 cxd4 8.
cxd4 Bb4+ 9. Bd2 Bxd2+ 10. Qxd2 O-O 11. Bc4 Nd7 12. O-O b6 13. Rfe1 Bb7 14. a4
Rc8 15. Bd3 a5 16. Rab1 Qe7 17. Qb2 Rc7 18. Rec1 Rfc8 19. Rxc7 Rxc7 20. Nd2 Qd8
21. Bb5 Bc6 22. Rc1 Bxb5 23. Rxc7 Qxc7 24. Qxb5 h6 25. Nc4 Qf4 1/2-1/2

[Event "BL 0809 SC Kreuzberg - SG Turm Trier"]
[Site "?"]
[Date "2008.11.29"]
[Round "5.3"]
[White "Lupulescu, Constantin"]
[Black "Luther, Thomas"]
[Result "1/2-1/2"]
[WhiteElo "2594"]
[BlackElo "2532"]
[PlyCount "35"]
[EventDate "2008.??.??"]

1. e4 e6 2. d4 d5 3. Nd2 c5 4. exd5 Qxd5 5. Ngf3 cxd4 6. Bc4 Qd6 7. O-O Nf6 8.
Nb3 Nc6 9. Nbxd4 Nxd4 10. Qxd4 Bd7 11. Be3 Qxd4 12. Bxd4 Rc8 13. Bd3 Bc5 14.
Bxc5 Rxc5 15. c4 Ke7 16. Rfe1 Rd8 17. b4 Rc7 18. Ne5 1/2-1/2

[Event "BL 0809 SC Kreuzberg - SG Turm Trier"]
[Site "?"]
[Date "2008.11.29"]
[Round "5.4"]
[White "Shengelia, Davit"]
[Black "Jaracz, Pawel"]
[Result "1-0"]
[WhiteElo "2547"]
[BlackElo "2513"]
[PlyCount "69"]
[EventDate "2008.??.??"]

1. d4 Nf6 2. c4 e6 3. Nc3 Bb4 4. e3 O-O 5. Bd3 c5 6. a3 Bxc3+ 7. bxc3 Nc6 8.
Ne2 b6 9. e4 Ne8 10. f4 Ba6 11. O-O f6 12. e5 cxd4 13. cxd4 Na5 14. Qc2 g6 15.
Rf3 Rc8 16. Bxg6 f5 17. Bxe8 Rxc4 18. Qd1 Qxe8 19. a4 Kh8 20. Rg3 Rg8 21. Raa3
Qh5 22. Rxg8+ Kxg8 23. Rg3+ Kh8 24. Ba3 Nc6 25. Rg5 Rxd4 26. Qxd4 Qxe2 27. Qa1
Qe3+ 28. Kh1 Qxf4 29. Rg3 Qxa4 30. Qc1 Qh4 31. Qd2 Bc8 32. Qd6 Qd8 33. Bc1 h6
34. Qd2 Qf8 35. Ba3 1-0

[Event "BL 0809 SC Kreuzberg - SG Turm Trier"]
[Site "?"]
[Date "2008.11.29"]
[Round "5.5"]
[White "Erdoes, Viktor"]
[Black "Figura, Atila Gajo"]
[Result "1/2-1/2"]
[WhiteElo "2577"]
[BlackElo "2412"]
[PlyCount "91"]
[EventDate "2008.??.??"]

1. d4 d5 2. c4 c6 3. Nf3 Nf6 4. Nbd2 Bf5 5. Nh4 Bg6 6. Qb3 Qc8 7. Nxg6 hxg6 8.
g3 e6 9. Bg2 Nbd7 10. O-O Be7 11. Rd1 O-O 12. e4 dxe4 13. Nxe4 Nxe4 14. Bxe4
Nf6 15. Bf3 a5 16. Bf4 a4 17. Qe3 Qd8 18. Qe2 Re8 19. h4 Qa5 20. Rd3 Rad8 21.
Rad1 Qa6 22. Qc2 b5 23. b3 axb3 24. axb3 Rc8 25. Rc1 Red8 26. Kg2 bxc4 27. bxc4
Ne8 28. Rdd1 Nd6 29. Bxd6 Bxd6 30. h5 g5 31. Qe4 Qa5 32. Ra1 Qf5 33. Qxf5 exf5
34. Ra6 c5 35. dxc5 Bxc5 36. Rxd8+ Rxd8 37. Rc6 Bd4 38. Rc7 Be5 39. Re7 Bf6 40.
Rb7 Rd2 41. Kf1 Bd4 42. Be2 f4 43. gxf4 gxf4 44. Rb3 Kh7 45. Rd3 Rxd3 46. Bxd3+
1/2-1/2

[Event "BL 0809 SC Kreuzberg - SG Turm Trier"]
[Site "?"]
[Date "2008.11.29"]
[Round "5.7"]
[White "Kolbus, Dietmar"]
[Black "Kalinitschew, Sergey"]
[Result "0-1"]
[WhiteElo "2414"]
[BlackElo "2492"]
[PlyCount "70"]
[EventDate "2008.??.??"]

1. Nf3 d5 2. c4 e6 3. g3 dxc4 4. Qa4+ Nd7 5. Bg2 a6 6. Qxc4 b5 7. Qc6 Rb8 8. d4
Bb7 9. Qc2 c5 10. dxc5 Bxc5 11. O-O Ngf6 12. Nc3 O-O 13. Ng5 Bxg2 14. Kxg2 Rc8
15. Qb1 h6 16. Nge4 b4 17. Nxc5 bxc3 18. b4 Nxc5 19. bxc5 Qd5+ 20. Kg1 Qxc5 21.
Qc2 Rfd8 22. Rb1 Nd5 23. a3 Rb8 24. Rxb8 Rxb8 25. e4 Nf6 26. Re1 Qc4 27. Re3
Rc8 28. f3 Nd7 29. Kg2 a5 30. Kf2 Nc5 31. Re2 Nd3+ 32. Kf1 Rb8 33. h4 Nxc1 34.
Qxc1 Rb2 35. Qe3 c2 0-1

[Event "BL 0809 SC Kreuzberg - SG Turm Trier"]
[Site "?"]
[Date "2008.11.29"]
[Round "5.8"]
[White "Berger, Steve"]
[Black "Cioara, Andrei Nestor"]
[Result "1/2-1/2"]
[WhiteElo "2413"]
[BlackElo "2452"]
[PlyCount "106"]
[EventDate "2008.??.??"]

1. e4 c6 2. Nf3 d5 3. exd5 cxd5 4. Ne5 Nc6 5. Bb5 Bd7 6. Nxd7 Qxd7 7. O-O Nf6
8. Re1 e6 9. d4 Be7 10. c3 O-O 11. Nd2 a6 12. Bd3 Qc7 13. Nf3 b5 14. a3 Rfe8
15. Ne5 Nxe5 16. dxe5 Nd7 17. Bf4 f5 18. exf6 Qxf4 19. fxe7 Rxe7 20. a4 b4 21.
g3 Qd6 22. cxb4 Qxb4 23. Qc2 Nf6 24. Qc6 Rae8 25. Bxa6 Qxb2 26. Rab1 Qd4 27.
Red1 Qa7 28. Rb7 Rxb7 29. Bxb7 Re7 30. Bc8 Kf7 31. Rb1 Qa5 32. Ba6 Ne4 33. Bd3
Qc5 34. Qxc5 Nxc5 35. Bb5 Ra7 36. f4 Ke7 37. Kf2 Kd6 38. Ke3 e5 39. fxe5+ Kxe5
40. Rb4 g5 41. h4 h6 42. hxg5 hxg5 43. Kf3 Kf5 44. Rd4 Ke5 45. Rb4 d4 46. Kg4
Ne4 47. Rb1 Nf6+ 48. Kxg5 Ne4+ 49. Kg6 Nxg3 50. Re1+ Kd5 51. Rc1 Ke4 52. Re1+
Kf3 53. Kf6 d3 1/2-1/2

[Event "BL 0809 OSC Baden Baden - Schachfr. Ber"]
[Site "?"]
[Date "2008.11.29"]
[Round "5.2"]
[White "Movsesian, Sergej"]
[Black "Lauber, Arnd"]
[Result "1/2-1/2"]
[WhiteElo "2732"]
[BlackElo "2497"]
[PlyCount "62"]
[EventDate "2008.??.??"]

1. e4 c6 2. d4 d5 3. e5 Bf5 4. Nd2 e6 5. Nb3 Nd7 6. Nf3 Bg6 7. Be2 Nh6 8. O-O
Nf5 9. Bd2 Be7 10. Rc1 O-O 11. h3 c5 12. dxc5 Nxc5 13. c4 dxc4 14. Rxc4 Rc8 15.
g4 Nxb3 16. Qxb3 Rxc4 17. Qxc4 Nh4 18. Nd4 b5 19. Qc3 Qd5 20. Nf3 Bb4 21. Qxb4
Nxf3+ 22. Bxf3 Qxf3 23. Qf4 Qxh3 24. Rc1 h5 25. gxh5 Qxh5 26. Bb4 Rd8 27. Bd6
Qf5 28. Qxf5 Bxf5 29. Rc7 a5 30. f3 a4 31. Kf2 Bb1 1/2-1/2